000
00208 a2200097 4500
001
1678
100
_a
Chironis, N.P
245
_a
Spring Design and Application
260
_a
_b
Mc Graw
_c
090
_c
1215
_d
1215
942
_a
NUST-CAE
_c
M
_c
2392
999
_c
236751
_d
236751